Longs métrages d'animation par personnages #1 - Statistiques

Statistiques générales
  • Ce quiz a été pris 420 fois
    72 depuis la dernière actualisation
  • Le résultat moyen est 7 sur 20
Statistiques - réponses
Personnages Films % Correct
Fiona, L'Âne, Lord Farquaad Shrek
100%
Harold, Krokmou, Gueulfor Dragons
87%
Sid, Diego, Scrat L'Âge de glace
83%
Karaba, Le fétiche sur le toit guetteur, Le sage dans la montagne Kirikou et la Sorcière
72%
Jack Frost, Nicholas St. North, Le Marchand de sable Les Cinq Légendes
63%
Yzma, Pacha, Kronk Kuzco, l'empereur mégalo
60%
Blu, Perla, Nico Rio
43%
Dimitri, Bartok, Raspoutine Anastasia
38%
Moïse, Ramsès II, Tsippora Le Prince d'Égypte
33%
Sally, Oogie Boogie, Perce-Oreilles L'Étrange Noël de monsieur Jack
33%
Buster Moon, Johnny, Gunter Tous en scène
30%
Kenai, Koda, Denahi Frère des ours
28%
Rumi, Jinu, Gwi-Ma KPop Demon Hunters
23%
Eep, Ugga, Guy Les Croods
13%
Riton,Verne, Zamy Nos voisins, les hommes
12%
Mumble, Lovelace, Ramón Happy Feet
3%
Kumatetsu, Kyūta, Iôzen Le Garçon et la Bête
3%
Mishima Tuvache, Marylin Tuvache, Alan Tuvache Le Magasin des suicides
3%
Ballister Boldheart, Ambrosius Goldenloin, Reine Valerin Nimona
3%
Taki Tachibana, Mitsuha Miyamizu, Sayaka Natori Your Name.
3%
Aucun quiz correspondant
Distribution des résultats
% des personnes avec chaque résultat
Percentile par nombre de réponses
Votre historique - résultats
Vous n’avez pas pris ce quiz depuis la dernière actualisation